|
|
|
|
| LEADER |
00000nam a2200000 a 4500 |
| 001 |
vtls001359549 |
| 003 |
SK-MaSNL |
| 005 |
20260301010627.0 |
| 008 |
251113s1998 xo oa 010 0 slo |
| 015 |
|
|
|a SNBA1999/07-02379
|
| 020 |
|
|
|a 8085455919
|q (brož.)
|
| 035 |
|
|
|a SNK000313086
|
| 035 |
|
|
|a urn:nbn:sk:snk-amkj6y
|
| 035 |
|
|
|a urn:nbn:sk:snk-am008hrk
|
| 035 |
|
|
|a D4BC3BE2-7DE5-48C9-805C-7267050FFFC8
|
| 040 |
|
|
|a SNK
|b slo
|c SNK
|e AACR2
|
| 041 |
0 |
|
|a slo
|
| 044 |
|
|
|a xo
|c SK
|
| 072 |
|
7 |
|a 792
|x Divadlo. Divadelné predstavenia
|2 konspekt
|
| 100 |
1 |
|
|a Sládeček, Ján,
|d 1951-
|4 aut
|9 98467
|
| 245 |
1 |
0 |
|a Dejiny myjavského divadla [1841-1998]
|c Ján Sládeček ; [fotografie Michal Dugáček, Ivan Kováč ... a kol.]
|
| 260 |
|
|
|a Bratislava
|b Národné divadelné centrum
|c 1998
|
| 300 |
|
|
|a 372 s.
|b fotogr., mp., tab.
|c 21 cm
|
| 490 |
1 |
|
|a História divadla
|v zv. 1
|
| 648 |
|
7 |
|a 1841-1998
|2 AUBBPH
|9 292731
|
| 650 |
0 |
7 |
|a ochotnícke divadlo
|2 SNKPH
|9 3349
|
| 650 |
0 |
7 |
|a Amateur theater
|2 SNKPHeng
|9 266162
|
| 650 |
0 |
7 |
|a dejiny divadla
|2 SNKPH
|9 83390
|
| 651 |
|
7 |
|a Myjava (Slovensko)
|2 SNKPH
|9 39468
|
| 651 |
|
7 |
|a Myjava (Slovakia)
|2 SNKPH
|9 135078
|
| 655 |
|
7 |
|a monografie
|2 SNK
|9 70139
|
| 655 |
|
7 |
|a Monographs
|2 SNKPHeng
|9 120675
|
| 700 |
1 |
|
|a Dugáček, Michal
|4 pht
|9 292732
|
| 700 |
1 |
|
|a Kováč, Ivan,
|d 1960 marec 9.-
|4 pht
|9 196387
|
| 830 |
|
0 |
|a História divadla
|9 292733
|
| 919 |
|
|
|a 80-85455-91-9
|
| 958 |
|
|
|a OND
|
| 958 |
|
|
|a TL
|
| 958 |
|
|
|a NB
|
| 999 |
|
|
|c 548668
|d 550598
|
| 952 |
|
|
|t P60, <03>, [BOOK], {603}
|a SNK
|b SNK
|y PREZ
|7 0
|p 17A0189125
|o snkSC 98283
|i snkKSP 3796/99
|0 0
|1 0
|4 0
|d 1999-04-09
|f 1
|l 0
|r 2025-09-18 00:00:00
|w 2026-02-23
|
| 952 |
|
|
|t P60, <04>, [BOOK], {604}
|a SNK
|b SNK
|y VYP
|7 0
|p 17A0189126
|o snkSC 98283 D1
|i snkKSP 3797/99
|0 0
|1 0
|4 0
|d 1999-04-09
|l 0
|r 2005-01-02 00:00:00
|w 2026-02-23
|